Science Quiz

Random Science Quiz

FIRST FRC Games Quiz Stats

 Plays Quiz not verified by Sporcle

Support Sporcle.
Go Orange.
Score 0/20 Timer 10:00
0 Plays Today
Year Name of Game % Correct
2009Lunacy
85.5%
2011Logo Motion
83.9%
1992Maize Craze
74.2%
2003Stack Attack
71%
2006Aim High
69.4%
2007Rack 'n Roll
69.4%
2010Breakaway
67.7%
2008FIRST Overdrive
64.5%
1995Ramp 'n Roll
54.8%
1998Ladder Logic
54.8%
Year Name of Game % Correct
2005Triple Play
48.4%
2000Co-Opertition FIRST
45.2%
1993Rug Rage
40.3%
2004FIRST Frenzy
40.3%
1994Tower Power
35.5%
1996Hexagon Havoc
35.5%
1999Double Trouble
30.6%
2002Zone Zeal
29%
1997Toroid Terror
27.4%
2001Diabolical Dynamics
21%

You're not logged in!

Compare scores with friends on all Sporcle quizzes.
OR
Log In

From the Vault

The Muppets

by Matt

It's time to get things started on the most sensational, inspirational, celebrational, and Muppetational quiz you take all day.
Remove Ads.
Support Sporcle.
Get the best of Sporcle when you Go Orange. This ad-free experience offers more features, more stats, and more fun while also helping to support Sporcle. Thank you for becoming a member.

Show Comments

Extras

Created Feb 6, 2011SourceReportNominate
Tags:competition, frc, robotic

Top Quizzes Today


Score Distribution

Your Account Isn't Verified!

In order to create a playlist on Sporcle, you need to verify the email address you used during registration. Go to your Sporcle Settings to finish the process.

Report this User

Report this user for behavior that violates our Community Guidelines.

Details: